Catálogo - Centro de Recursos para el Aprendizaje y la Investigación
Volver al Sitio - CRAI Biblioteca| 000 -CABECERA | |
|---|---|
| campo de control de longitud fija | 01579nam a2200313 4500 |
| 001 - NÚMERO DE CONTROL | |
| campo de control | 114533 |
| 003 - IDENTIFICADOR DEL NÚMERO DE CONTROL | |
| campo de control | DR-UNIBE |
| 005 - FECHA Y HORA DE LA ÚLTIMA TRANSACCIÓN | |
| campo de control | 20260327090312.0 |
| 008 - DATOS DE LONGITUD FIJA--INFORMACIÓN GENERAL | |
| campo de control de longitud fija | 260327b2026 dr ||||| |||| 00| 1 spa d |
| 020 ## - NÚMERO INTERNACIONAL ESTÁNDAR DEL LIBRO | |
| Número Internacional Estándar del Libro | 9789945224863 |
| 040 ## - FUENTE DE LA CATALOGACIÓN | |
| Centro catalogador/agencia de origen | BIBLIOTECA UNIBE |
| Lengua de catalogación | spa |
| Centro/agencia transcriptor | BIBLIOTECA UNIBE |
| Normas de descripción | RDA |
| 041 ## - CÓDIGO DE LENGUA | |
| Código de lengua del texto/banda sonora o título independiente | spa |
| 090 ## - LOCALMENTE ASIGNADO TIPO-LC NÚMERO DE CLASIFICACIÓN (OCLC); NÚMERO DE CLASIFICACIÓN LOCAL (RLIN) | |
| Número de clasificación (OCLC) (R) ; Numero de clasificación, CALL (RLIN) (NR) | FBIU-EB PI R175v |
| 100 10 - ENTRADA PRINCIPAL--NOMBRE DE PERSONA | |
| Nombre de persona | Ramos Miranda, Evelyn |
| 9 (RLIN) | 194067 |
| Término indicativo de función/relación | autor |
| 245 10 - MENCIÓN DE TÍTULO | |
| Título | Voces de mi patria / Evelyn Ramos Miranda; corrección de estilo: Elena Ramos; ilustraciones, diagramación y cubierta: Frank Figueroa Malvar; colaboración: Venus Arthemys Azul Ramos Ureña ; prólogos: Luisa Navarro, Juan Colón, Elena Ramos, |
| Mención de responsabilidad, etc. | Evelyn Ramos Miranda; corrección de estilo: Elena Ramos; ilustraciones, diagramación y cubierta: Frank Figueroa Malvar; colaboración: Venus Arthemys Azul Ramos Ureña |
| 250 ## - MENCIÓN DE EDICIÓN | |
| Mención de edición | Primera edición |
| 260 ## - PUBLICACIÓN, DISTRIBUCIÓN, ETC. | |
| Lugar de publicación, distribución, etc. | Santo Domingo : |
| Nombre del editor, distribuidor, etc. | Editora Búho, |
| Fecha de publicación, distribución, etc. | 2026 |
| 300 ## - DESCRIPCIÓN FÍSICA | |
| Extensión | 34 páginas : |
| Otras características físicas | ilustraciones a color ; |
| Dimensiones | 27 x 21 cm |
| 653 07 - TÉRMINO DE INDIZACIÓN--NO CONTROLADO | |
| Término no controlado | República Dominicana - Poesías infantiles |
| 653 07 - TÉRMINO DE INDIZACIÓN--NO CONTROLADO | |
| Término no controlado | República Dominicana - Poesías juveniles |
| 653 07 - TÉRMINO DE INDIZACIÓN--NO CONTROLADO | |
| Término no controlado | Literatura infantil dominicana |
| 653 07 - TÉRMINO DE INDIZACIÓN--NO CONTROLADO | |
| Término no controlado | Literatura juvenil dominicana |
| 700 10 - PUNTO DE ACCESO ADICIONAL--NOMBRE DE PERSONA | |
| Nombre de persona | Ramos, Elena |
| 9 (RLIN) | 194068 |
| Término indicativo de función/relación | corrector de estilo |
| -- | prologuista |
| 700 10 - PUNTO DE ACCESO ADICIONAL--NOMBRE DE PERSONA | |
| Nombre de persona | Figueroa Malvar, Frank |
| 9 (RLIN) | 194069 |
| Término indicativo de función/relación | diseñador de portada e interiores |
| -- | diseñador de ilustraciones |
| -- | diagramador |
| 700 10 - PUNTO DE ACCESO ADICIONAL--NOMBRE DE PERSONA | |
| Nombre de persona | Ureña Ramos, Venus Arthemys Azul |
| 9 (RLIN) | 194072 |
| Término indicativo de función/relación | colaborador |
| 700 10 - PUNTO DE ACCESO ADICIONAL--NOMBRE DE PERSONA | |
| Nombre de persona | Navarro, Luisa, |
| Fechas asociadas al nombre | 1955- |
| 9 (RLIN) | 28183 |
| Término indicativo de función/relación | prologuista |
| 700 10 - PUNTO DE ACCESO ADICIONAL--NOMBRE DE PERSONA | |
| Nombre de persona | Colón, Juan |
| 9 (RLIN) | 203894 |
| Término indicativo de función/relación | prologuista |
| 942 ## - ELEMENTOS DE PUNTO DE ACCESO ADICIONAL (KOHA) | |
| Fuente del sistema de clasificación o colocación | Sistema de Clasificación Decimal Dewey |
| Tipo de ítem Koha | Libro (general) |
| Estado de retiro | Estado de pérdida | Fuente del sistema de clasificación o colocación | No para préstamo | Código de colección | Localización permanente | Fecha de adquisición | Total de préstamos | Signatura topográfica completa | Código de barras | Fecha visto por última vez | Número de copia | Precio válido a partir de | Tipo de ítem Koha |
|---|---|---|---|---|---|---|---|---|---|---|---|---|---|
| Disponible | Sistema de Clasificación Decimal Dewey | No se presta | Fondo Bibliográfico IBBY-UNIBE | Biblioteca Central UNIBE | 12/02/2026 | FBIU-EB PI R175v | FBIU0929 | 27/03/2026 | Ej. 1 | 27/03/2026 | Libro (reserva) |